Vainqueurs de la Coupe intercontinentale - Mort Subite - Statistiques

Statistiques générales
  • Ce quiz a été pris 101 fois
  • Le résultat moyen est 2 sur 25
Answers on the Grid
Answers color-coded by a green-red scale on the quiz's grid according to % correct below.
AC Milan
Peñarol
Real Madrid
Boca Juniors
Club Nacional
CA Independiente
Juventus
Santos FC
Inter Milan
São Paulo FC
Ajax Amsterdam
Bayern Munich
FC Porto
Estudiantes
Club Olimpia
Grêmio
Manchester United
River Plate
Racing
Feyenoord Rotterdam
Atlético de Madrid
Flamengo
Étoile rouge de Belgrade
Vélez Sársfield
Borussia Dortmund
Benfica
Liverpool
Cruzeiro
Celtic Glasgow
Panathinaïkos
Borussia Mönchengladbach
Malmö FF
Nottingham Forest
Aston Villa
Hambourg SV
Argentinos Juniors
Steaua Bucarest
PSV Eindhoven
Atlético Nacional
Colo Colo
FC Barcelone
Vasco da Gama
Palmeiras
Once Caldas
Séville FC
AS Roma
Bayer Leverkusen
Sporting CP
Rangers FC
Chelsea FC
 
Statistiques - réponses
Réponse % Correct
AC Milan
40%
Bayern Munich
20%
Boca Juniors
20%
Borussia Dortmund
20%
Atlético de Madrid
10%
Club Olimpia
10%
Étoile rouge de Belgrade
10%
Flamengo
10%
Grêmio
10%
Manchester United
10%
River Plate
10%
Santos FC
10%
Vélez Sársfield
10%
Ajax Amsterdam
0%
CA Independiente
0%
Club Nacional
0%
Estudiantes
0%
FC Porto
0%
Feyenoord Rotterdam
0%
Inter Milan
0%
Juventus
0%
Peñarol
0%
Racing
0%
Real Madrid
0%
São Paulo FC
0%
Aucun quiz correspondant
Distribution des résultats
% des personnes avec chaque résultat
Percentile par nombre de réponses
Votre historique - résultats
Vous n’avez pas pris ce quiz